Report. (Record no. 86849)

MARC details
000 -LEADER
fixed length control field 00948cam a22002651 4500
001 - CONTROL NUMBER
control field sa 68015974
003 - CONTROL NUMBER IDENTIFIER
control field DLC
005 - DATE AND TIME OF LATEST TRANSACTION
control field 20260227112651.0
008 - FIXED-LENGTH DATA ELEMENTS--GENERAL INFORMATION
fixed length control field 700630s1967 ii 000 0 eng
010 ## - LIBRARY OF CONGRESS CONTROL NUMBER
LC control number sa 68015974 //r97
025 ## - OVERSEAS ACQUISITION NUMBER
Overseas acquisition number PL480:I-E-9485
040 ## - CATALOGING SOURCE
Original cataloging agency DLC
Transcribing agency DLC
Modifying agency DLC
041 0# - LANGUAGE CODE
Language code of text/sound track or separate title engguj
050 00 - LIBRARY OF CONGRESS CALL NUMBER
Classification number HD4966.S72I53
082 00 - DEWEY DECIMAL CLASSIFICATION NUMBER
Classification number 331.2/81/6931
110 10 - MAIN ENTRY--CORPORATE NAME
Corporate name or jurisdiction name as entry element Gujarat, India (State).
Subordinate unit Committee Appointed by the Government of Gujarat, under the Minimum Wages Act, 1948 in the Matter of Revision of Minimum Rates of Wages in the Stone Breaking or Stone Crushing Employment.
245 00 - TITLE STATEMENT
Title Report.
260 0# - PUBLICATION, DISTRIBUTION, ETC.
Place of publication, distribution, etc. Ahmedabad,
Name of publisher, distributor, etc. Govt. Central Press,
Date of publication, distribution, etc. 1967.
300 ## - PHYSICAL DESCRIPTION
Extent ii, 108 p.
Dimensions 24 cm.
350 ## - PRICE (NR) (BK AM CF MU VM SE) [OBSOLETE]
Price 1.20
500 ## - GENERAL NOTE
General note At head of title: Govt. of Gujarat, Education and Labour Dept.
500 ## - GENERAL NOTE
General note English or Gujarati.
650 #0 - SUBJECT ADDED ENTRY--TOPICAL TERM
Topical term or geographic name entry element Wages
General subdivision Stone industry and trade
Geographic subdivision India
-- Gujarat.
650 #0 - SUBJECT ADDED ENTRY--TOPICAL TERM
Topical term or geographic name entry element Minimum wage
Geographic subdivision India
-- Gujarat.

No items available.

Powered by Koha